Goldilocks and the Three Bears / (Record no. 49221)
| 000 -LEADER | |
|---|---|
| fixed length control field | 00518nam a2200145 4500 |
| 100 ## - MAIN ENTRY--PERSONAL NAME | |
| Personal name | Davidson, Susanna, |
| Relator term | author. |
| 9 (RLIN) | 37287 |
| 245 ## - TITLE STATEMENT | |
| Title | Goldilocks and the Three Bears / |
| Statement of responsibility, etc | Retold by Susanna Davidson, Illustrated by Mike Gordon. |
| 260 ## - PUBLICATION, DISTRIBUTION, ETC. (IMPRINT) | |
| Place of publication, distribution, etc | London, England: |
| Name of publisher, distributor, etc | Usborne; |
| Date of publication, distribution, etc | 2007. |
| 300 ## - PHYSICAL DESCRIPTION | |
| Extent | 48 pages. |
| Dimensions | 5.5 x 0.5 x 8 inches. |
| 490 ## - SERIES STATEMENT | |
| Series statement | Usborne First Reading |
| Volume number/sequential designation | Level 4 |
| 630 ## - SUBJECT ADDED ENTRY--UNIFORM TITLE | |
| 9 (RLIN) | 62304 |
| Uniform title | Folk & Fairy Tale Easy Readers |
| 650 ## - SUBJECT ADDED ENTRY--TOPICAL TERM | |
| General subdivision | Folk tales. |
| 9 (RLIN) | 68188 |
| 650 ## - SUBJECT ADDED ENTRY--TOPICAL TERM | |
| 9 (RLIN) | 29150 |
| Topical term or geographic name as entry element | children fairy tales |
| 942 ## - ADDED ENTRY ELEMENTS (KOHA) | |
| Source of classification or shelving scheme | |
| Koha item type | Book |
No items available.